000 00322nam a22001337a 4500
008 181217b xxu||||| |||| 00| 0 eng d
020 _a9780415167093
041 _aeng
080 _a316
100 _a50
101 _aSOC
245 _aSocial Perspective In Lesbian And Gay Studies
_cPeter.M.N
942 _2udc
_cBK
999 _c53190
_d53190